[Event "33rd Leon Blitz Open 2020"]
[Site "chess.com INT"]
[Date "2020.07.14"]
[Round "8"]
[White "Ramoutar, Alan-Safar"]
[Black "Gavilan Diaz, Mario"]
[Result "1-0"]
[WhiteTitle "IM"]
[BlackTitle "FM"]
[WhiteElo "2305"]
[BlackElo "2278"]
[WhiteFideId "7704224"]
[BlackFideId "2260905"]
[EventDate "2020.07.14"]
[EventType "blitz"]

1. e4 c5 2. Nc3 a6 3. g3 b5 4. Bg2 Bb7 5. d3 e6 6. Nh3 d5 7. exd5 Nf6 8. O-O b4
9. dxe6 Bxg2 10. exf7+ Kxf7 11. Ng5+ Kg8 12. Kxg2 bxc3 13. bxc3 h6 14. Ne6 Qd5+
15. Qf3 Qxf3+ 16. Kxf3 Nbd7 17. Be3 Bd6 18. Rab1 Kf7 19. Nf4 g5 20. Ne2 Rab8 21.
c4 Ne5+ 22. Kg2 Nc6 23. Nc3 Nb4 24. Rb2 Be5 25. Bd2 Nc6 26. Rxb8 Rxb8 27. Na4
Bd6 28. Be3 Nd7 29. c3 Nce5 30. Rd1 g4 31. h3 h5 32. hxg4 hxg4 33. Bf4 Ke6 34.
Re1 Kf5 35. Rd1 Rh8 36. d4 Nxc4 37. Bxd6 Nxd6 38. dxc5 Nxc5 39. Nxc5 Nc4 40.
Nxa6 Re8 41. Nb4 Re2 42. Kf1 Rb2 43. a4 Nd2+ 44. Kg2 Ne4 45. Rf1 Nxc3 46. Nd3
Ra2 47. Nc5 Ke5 48. Rc1 Kd4 49. Ne6+ Kd3 50. Nf4+ Kd2 51. Rh1 Rxa4 52. Rh4 Ra2
53. Rxg4 Nd1 54. Nh3 Kc3 55. Kf3 Kd3 56. Rg8 Nc3 57. Rd8+ Kc4 58. g4 Nd5 59. g5
Ra3+ 60. Kg4 Nc3 61. g6 Ne4 62. g7 Nf6+ 63. Kg5 Rf3 64. Nf4 Ne4+ 65. Kg4 Rxf2
66. g8=Q+ Kb5 67. Qd5+ 1-0

[Event "33rd Leon Blitz Open 2020"]
[Site "chess.com INT"]
[Date "2020.07.14"]
[Round "8"]
[White "Koellner, Ruben Gideon"]
[Black "Petkov, Momchil"]
[Result "0-1"]
[WhiteTitle "FM"]
[BlackTitle "FM"]
[WhiteElo "2376"]
[BlackElo "2315"]
[WhiteFideId "12993093"]
[BlackFideId "2921642"]
[EventDate "2020.07.14"]
[EventType "blitz"]

1. d4 Nf6 2. Bg5 c5 3. Bxf6 gxf6 4. d5 Qb6 5. Qc1 f5 6. c4 Bg7 7. Nc3 d6 8. e3
Nd7 9. Qc2 Nf6 10. Bd3 e6 11. Nh3 Bd7 12. Nf4 O-O-O 13. O-O-O Ng4 14. Rdf1 Ne5
15. Be2 Qa5 16. Kb1 Kb8 17. Nh5 Bf8 18. Rd1 Bc8 19. h3 Rg8 20. g3 Be7 21. Nf4
Bf6 22. Rd2 a6 23. Rhd1 Qc7 24. Qb3 Ng6 25. Qc2 Nxf4 26. exf4 Bd4 27. Bd3 e5 28.
Bxf5 exf4 29. g4 Bxf5 30. Qxf5 Bxc3 31. bxc3 Qa5 32. Kb2 Qb6+ 33. Kc2 Qa5 34.
Kd3 Qa4 35. Qxf4 Rde8 36. Qxd6+ Ka8 37. Rb1 f5 38. Qc7 Rb8 39. f3 fxg4 40. hxg4
Rgf8 41. Rf2 Rfe8 42. Qd6 Qa3 43. Qf4 Re7 44. Qd2 Rbe8 45. Rb3 Qa4 46. Rb1 Qa3
47. Rb3 Qa5 48. Rb1 Qc7 49. Rg1 Re5 50. Kc2 Qa5 51. Kb2 Re3 52. Rc1 Qa4 53. d6
R3e6 54. d7 Rd8 55. Qd5 Rb6+ 56. Ka1 Rxd7 57. Qg8+ Ka7 58. Rfc2 Qa3 59. f4 Rbd6
60. Qc8 Rd1 61. Kb1 R7d6 62. f5 Rb6+ 63. Ka1 Rxc1+ 64. Rxc1 Qxc1# 0-1

[Event "33rd Leon Blitz Open 2020"]
[Site "chess.com INT"]
[Date "2020.07.14"]
[Round "8"]
[White "Babazada, Khazar"]
[Black "Hovhannisyan, Robert"]
[Result "1/2-1/2"]
[WhiteTitle "FM"]
[BlackTitle "GM"]
[WhiteElo "2409"]
[BlackElo "2642"]
[WhiteFideId "13413554"]
[BlackFideId "13302507"]
[EventDate "2020.07.14"]
[EventType "blitz"]

1. e4 e5 2. Nf3 Nc6 3. Bb5 Nf6 4. O-O Nxe4 5. Re1 Nd6 6. Nxe5 Be7 7. Bxc6 dxc6
8. d4 O-O 9. c3 Nf5 10. Bf4 Nh4 11. Bg3 Ng6 12. Nd2 Nxe5 13. Bxe5 Be6 14. Bg3
Qd7 15. Ne4 Rae8 16. Nc5 Bxc5 17. dxc5 Rd8 18. Qa4 a6 19. Qf4 Qd2 20. Qxc7 Rd7
21. Qb6 h5 22. Bd6 Re8 23. Qb4 Qg5 24. Re3 h4 25. Rae1 Red8 26. a3 Bd5 27. f3 h3
28. g3 Qh5 29. Qg4 Qxg4 30. fxg4 f6 31. Kf2 b5 32. Re7 a5 33. Rxd7 Rxd7 34. Re8+
Kh7 35. Re7 Rxe7 36. Bxe7 a4 37. g5 f5 38. Ke3 Kg6 39. Kf4 Kf7 40. Bd6 Ke6 41.
Be5 g6 42. Bd4 Bc4 43. g4 fxg4 44. Kxg4 Bf1 45. Kf4 Kd5 46. Ke3 Bg2 47. Kd3 Be4+
48. Ke3 Bf5 49. Ke2 Ke4 50. Bf6 Bg4+ 51. Kd2 Be6 52. Bd8 Bc4 53. Bc7 Kf5 54. Bd8
Kf4 55. Be7 Bf1 56. Ke1 Bg2 57. c4 bxc4 58. Kd2 Ke5 59. Kc3 Ke6 60. Bd6 Bf3 61.
Kb4 Bd1 62. Kxc4 Kf5 63. Kd4 Bb3 1/2-1/2

[Event "33rd Leon Blitz Open 2020"]
[Site "chess.com INT"]
[Date "2020.07.14"]
[Round "8"]
[White "Klekowski, Maciej"]
[Black "Manolache, Marius"]
[Result "0-1"]
[WhiteTitle "GM"]
[BlackTitle "GM"]
[WhiteElo "2506"]
[BlackElo "2541"]
[WhiteFideId "1132717"]
[BlackFideId "1201530"]
[EventDate "2020.07.14"]
[EventType "blitz"]

1. Nf3 Nf6 2. b3 d5 3. Bb2 Nc6 4. e3 a6 5. d3 e6 6. Nbd2 g6 7. g3 Bg7 8. Bg2 O-O
9. O-O Re8 10. Qe2 e5 11. e4 h6 12. Rfe1 Be6 13. Rad1 d4 14. c3 dxc3 15. Bxc3
Nd7 16. Nc4 Qe7 17. Qb2 Bg4 18. Ne3 Bxf3 19. Bxf3 Nf6 20. Nd5 Qd7 21. Ne3 Rad8
22. Nc2 Nh7 23. Bg2 h5 24. b4 Qe7 25. a4 Nd4 26. Nxd4 exd4 27. Bd2 c6 28. Rc1
Nf6 29. h3 Nd7 30. f4 Nf8 31. b5 axb5 32. axb5 c5 33. e5 Ne6 34. Qb3 Qd7 35. b6
Bf8 36. Ra1 Rb8 37. Ra7 Red8 38. Qc4 Bh6 39. Rf1 Ng7 40. Qxc5 Nf5 41. Qc7 Nxg3
42. Qxd7 Rxd7 43. Re1 Nf5 44. Rc1 Ne3 45. Rc7 Rdd8 46. Raxb7 Rxb7 47. Rxb7 Bxf4
48. Re7 Nxg2 49. Ba5 Ne3 50. b7 Rb8 51. Rc7 Bxe5 52. Rc8+ Kg7 53. Bc7 Bxc7 54.
Rxc7 Nd5 55. Rd7 Nb4 56. Kf2 Nc6 57. Kg3 Ne5 58. Rc7 Nxd3 59. Kf3 Nb4 60. Ke4 d3
61. Ke3 Na6 62. Re7 Nc5 63. Rc7 Nxb7 64. Kxd3 Nd8 65. Rd7 Ne6 66. Kc4 Rd8 67.
Ra7 Rd4+ 68. Kb5 Rd3 69. Kc6 Rxh3 70. Kd7 Re3 71. Ke7 Nf8+ 72. Kd8 h4 73. Ra2 h3
74. Rh2 0-1

[Event "33rd Leon Blitz Open 2020"]
[Site "chess.com INT"]
[Date "2020.07.14"]
[Round "8"]
[White "Antipov, Mikhail Al."]
[Black "Khanin, Semen"]
[Result "1/2-1/2"]
[WhiteTitle "GM"]
[BlackTitle "IM"]
[WhiteElo "2584"]
[BlackElo "2482"]
[WhiteFideId "4107012"]
[BlackFideId "4111990"]
[EventDate "2020.07.14"]
[EventType "blitz"]

1. e4 c5 2. Nf3 e6 3. b3 Nc6 4. Bb2 d6 5. d4 cxd4 6. Nxd4 Nf6 7. Nc3 Be7 8. Nxc6
bxc6 9. Bd3 O-O 10. O-O e5 11. Kh1 Nd7 12. Na4 Bf6 13. c4 Bb7 14. Rc1 Rc8 15.
Ba3 Be7 16. Qf3 d5 17. Bxe7 Qxe7 18. cxd5 cxd5 19. exd5 Nf6 20. Bc4 e4 21. Qf5
g6 22. Qg5 Nxd5 23. Qxe7 Nxe7 24. Rfd1 Rfd8 25. Kg1 Nf5 26. g4 Nd4 27. Kf1 Nf3
28. h3 Nd2+ 29. Ke2 Nxc4 30. Rxd8+ Rxd8 31. bxc4 Bc6 32. Nc5 Rb8 33. Rc2 Rb1 34.
Ke3 Rh1 35. Nxe4 Re1+ 36. Kd4 Bxe4 37. Rb2 f5 38. g5 Kf7 39. Rb8 Ke6 40. Kc5 Re2
41. f4 Rxa2 42. Re8+ Kd7 43. Rh8 a5 44. Rxh7+ Ke8 45. h4 a4 46. Kd6 a3 47. Ke6
Kd8 48. Ra7 Ra1 49. Kf6 a2 50. Kxg6 Bd3 51. c5 Bc4 52. h5 Rh1 53. h6 a1=Q 54.
Rxa1 Rxa1 55. h7 Rh1 56. Kg7 Kd7 57. g6 Kc6 58. Kf6 Kxc5 59. Kxf5 Kd6 60. Kf6
Bd3 61. f5 Rh5 62. Kg7 Bxf5 63. h8=Q Rxh8 64. Kxh8 Bxg6 1/2-1/2

[Event "33rd Leon Blitz Open 2020"]
[Site "chess.com INT"]
[Date "2020.07.14"]
[Round "8"]
[White "Lazavik, Denis"]
[Black "Djukic, Nikola"]
[Result "0-1"]
[WhiteTitle "FM"]
[BlackTitle "GM"]
[WhiteElo "2424"]
[BlackElo "2525"]
[WhiteFideId "13515110"]
[BlackFideId "922412"]
[EventDate "2020.07.14"]
[EventType "blitz"]

1. d4 Nf6 2. c4 g6 3. g3 Bg7 4. Bg2 O-O 5. Nc3 d6 6. Nf3 Nc6 7. O-O e5 8. d5 Nb8
9. e4 a5 10. Ne1 Na6 11. a3 Nc5 12. Be3 Nfd7 13. b4 axb4 14. axb4 Rxa1 15. Qxa1
Nb3 16. Qd1 Nd4 17. Nc2 Nxc2 18. Qxc2 f5 19. f3 f4 20. Bf2 h5 21. c5 Nf6 22. Nb5
Bd7 23. Na3 g5 24. Rc1 g4 25. cxd6 cxd6 26. Qc7 Qa8 27. Nc4 Rc8 28. Qxd6 b5 29.
gxf4 gxf3 30. fxe5 Rxc4 31. Re1 Nxe4 32. Qxd7 fxg2 33. e6 Qf8 34. Be3 Bf6 35.
Qxb5 Rxb4 36. Qe2 Rb2 37. Qf3 Ng5 38. Bxg5 Bxg5 39. Qxf8+ Kxf8 40. d6 Rd2 41. d7
Ke7 42. Re5 Bf6 43. d8=Q+ Rxd8 44. Re2 Rd5 45. Kxg2 Be5 46. h3 Kxe6 47. Re3 Kf5
48. Rf3+ Bf4 49. Rf2 Rd3 50. Rf3 Rd4 51. Rf2 Ke4 52. Rf3 Rd2+ 53. Rf2 Rd3 54.
Re2+ Kf5 55. Rf2 Rg3+ 56. Kh2 h4 57. Rf1 Ke4 58. Rf2 Ke3 59. Rg2 Rf3+ 60. Kg1
Rxh3 61. Ra2 Rg3+ 62. Rg2 Kf3 63. Kh1 Kg4 64. Ra2 Re3 65. Rg2+ Bg3 66. Ra2 Re1+
67. Kg2 h3# 0-1

[Event "33rd Leon Blitz Open 2020"]
[Site "chess.com INT"]
[Date "2020.07.14"]
[Round "8"]
[White "Kazakouski, Valery"]
[Black "Eswaran, Ashritha"]
[Result "1-0"]
[WhiteTitle "IM"]
[BlackTitle "WIM"]
[WhiteElo "2473"]
[BlackElo "2244"]
[WhiteFideId "13507443"]
[BlackFideId "2080788"]
[EventDate "2020.07.14"]
[EventType "blitz"]

1. d4 Nf6 2. Nf3 e6 3. c4 c5 4. d5 exd5 5. cxd5 d6 6. Nc3 g6 7. Bf4 a6 8. e4 Bg7
9. Qa4+ Bd7 10. Qb3 Bc8 11. a4 O-O 12. Nd2 Nh5 13. Be3 Nd7 14. Be2 Nhf6 15. O-O
Rb8 16. h3 Ne8 17. Rae1 Nc7 18. a5 b5 19. axb6 Nxb6 20. Qc2 Bd7 21. f4 Bb5 22.
Nxb5 Nxb5 23. Nf3 Kh8 24. Ra1 Qc8 25. Ra2 Nc7 26. Rfa1 Nd7 27. Bd2 Nb5 28. Bc4
Nd4 29. Nxd4 Bxd4+ 30. Kh1 Qd8 31. Bxa6 Qf6 32. Rb1 Rb6 33. Bc4 Rfb8 34. b3 R6b7
35. Rf1 Nb6 36. Ba6 Ra7 37. Bd3 Rba8 38. Rxa7 Rxa7 39. Bc1 Ra1 40. Qe2 Kg7 41.
g3 h5 42. h4 Qe7 43. Kg2 Qa7 44. Rd1 Qa5 45. Bb2 Ra2 46. b4 Qa7 47. Bxd4+ cxd4
48. Rd2 Ra1 49. Qf2 Nd7 50. Bf1 Qa3 51. Qxd4+ f6 52. Qb2 Qa7 53. Rf2 Re1 54. Bd3
Qe3 55. Qd2 Nb6 56. Qxe3 Rxe3 57. Rd2 Re1 58. Kf2 Rc1 59. Rc2 Rd1 60. Rc7+ Kh6
61. Be2 Rb1 62. Rc6 Rxb4 63. Rxd6 Nc8 64. Re6 Kg7 65. d6 Rd4 66. e5 fxe5 67.
fxe5 Kf7 68. Rf6+ Ke8 69. Ke3 Rd5 70. Ke4 Rd2 71. Bb5+ Kd8 72. Rf8# 1-0

[Event "33rd Leon Blitz Open 2020"]
[Site "chess.com INT"]
[Date "2020.07.14"]
[Round "8"]
[White "Srihari, L R"]
[Black "Pichot, Alan"]
[Result "1-0"]
[WhiteTitle "FM"]
[BlackTitle "GM"]
[WhiteElo "2414"]
[BlackElo "2630"]
[WhiteFideId "46617116"]
[BlackFideId "110973"]
[EventDate "2020.07.14"]
[EventType "blitz"]

1. d4 Nf6 2. Bg5 d5 3. Nd2 Bf5 4. e3 e6 5. Bd3 Bxd3 6. cxd3 c6 7. Ngf3 Nbd7 8.
O-O h6 9. Bh4 Be7 10. Ne5 O-O 11. f4 Nxe5 12. dxe5 Nd7 13. Bxe7 Qxe7 14. d4 f6
15. Nf3 fxe5 16. fxe5 Nb6 17. Qd3 Rf5 18. e4 dxe4 19. Qxe4 Qb4 20. Nh4 Rxf1+ 21.
Rxf1 Rf8 22. Rxf8+ Kxf8 23. b3 Nd5 24. h3 Qd2 25. Qg4 Ne3 26. Qf3+ Ke8 27. Qh5+
Kd8 28. Qf7 Qxd4 29. Qf8+ Kc7 30. Qxg7+ Kb6 31. Nf3 Qd1+ 32. Kf2 Nf5 33. Qf6
Qc2+ 34. Kg1 Ne3 35. Qd8+ Ka6 36. Qg8 Qxa2 37. h4 h5 38. Qg5 Ng4 39. Qc1 Qf2+
40. Kh1 Qe2 41. Qa1+ Kb6 42. Qd4+ c5 43. Qd6+ Kb5 44. Qd7+ Ka5 45. Qc7+ Ka6 46.
Qxc5 Qd1+ 47. Ng1 Qxb3 48. Qd6+ b6 49. Nf3 Qb1+ 50. Ng1 Nf2+ 51. Kh2 Qb3 52. Nf3
Ng4+ 53. Kg3 Ka5 54. Qc7 Ka6 55. Qc8+ Ka5 56. Qh8 Qe3 57. Qxh5 Qf2+ 58. Kxg4
Qxg2+ 59. Kf4 Qa2 60. Qg4 Qc4+ 61. Kg3 Qa2 62. h5 Qb1 63. h6 b5 64. Qg7 Qh1 65.
h7 1-0

[Event "33rd Leon Blitz Open 2020"]
[Site "chess.com INT"]
[Date "2020.07.14"]
[Round "8"]
[White "Murzin, Volodar"]
[Black "Lamard, Guillaume"]
[Result "1/2-1/2"]
[WhiteTitle "IM"]
[BlackTitle "IM"]
[WhiteElo "2465"]
[BlackElo "2486"]
[WhiteFideId "44155573"]
[BlackFideId "600261"]
[EventDate "2020.07.14"]
[EventType "blitz"]

1. e4 c5 2. Nf3 d6 3. Bb5+ Bd7 4. Bxd7+ Nxd7 5. O-O Ngf6 6. Re1 e6 7. c3 Be7 8.
d4 O-O 9. e5 Ne8 10. exd6 Nxd6 11. d5 exd5 12. Qxd5 Rc8 13. Bf4 Nf6 14. Qd3 Nde4
15. Qxd8 Rfxd8 16. Na3 Bd6 17. Be3 a6 18. Nc4 b5 19. Nxd6 Rxd6 20. a4 b4 21.
cxb4 cxb4 22. a5 h6 23. Ra4 Nd5 24. Bd4 Re6 25. Raa1 f5 26. Rad1 Nf4 27. g3 Ng6
28. h4 Rc2 29. h5 Ne7 30. Rc1 Rec6 31. Rcd1 Re6 32. Rc1 b3 33. Rxc2 bxc2 34. Rc1
Rc6 35. Ne1 Rc4 36. Bb6 Nd5 37. Rxc2 Rb4 38. Bd8 Kf7 39. Nd3 Rb5 40. Ne5+ Ke6
41. Nc6 Kd7 42. b4 Nxb4 43. Nxb4 Rxb4 44. Bb6 Nf6 45. Rc7+ Ke6 46. Rxg7 Rg4 47.
Ra7 f4 48. Rxa6 Kf5 49. Bc7 fxg3 50. fxg3 Nd5 51. Bd6 Ra4 52. Kg2 Kg4 53. Kf2
Ra2+ 54. Ke1 Kf3 55. Bf4 Nc3 56. Re6 Ne4 57. Kd1 Rxa5 58. Rxh6 Ra2 59. Rc6 Nf2+
60. Kc1 Nd3+ 61. Kb1 Rh2 62. Rc3 Ke4 63. Bc1 Rxh5 64. Rc4+ Kd5 65. Rc2 Rh1 66.
g4 Rg1 67. g5 Ke4 68. Rc8 Nxc1 69. Rxc1 Rxg5 70. Rc2 Kd3 71. Kc1 Rg1+ 72. Kb2
Rd1 73. Rc3+ Ke2 74. Rc2+ Rd2 75. Rxd2+ Kxd2 1/2-1/2

[Event "33rd Leon Blitz Open 2020"]
[Site "chess.com INT"]
[Date "2020.07.14"]
[Round "8"]
[White "Smirnov, Anton"]
[Black "Firouzja, Alireza"]
[Result "1/2-1/2"]
[WhiteTitle "GM"]
[BlackTitle "GM"]
[WhiteElo "2597"]
[BlackElo "2728"]
[WhiteFideId "3208923"]
[BlackFideId "12573981"]
[EventDate "2020.07.14"]
[EventType "blitz"]

1. d4 Nf6 2. Nf3 g6 3. g3 Bg7 4. Bg2 O-O 5. O-O d6 6. b3 Nbd7 7. Bb2 c6 8. c4
Re8 9. Nc3 e5 10. e3 Qc7 11. b4 a6 12. a4 e4 13. Nd2 d5 14. cxd5 cxd5 15. f3 Nb6
16. fxe4 dxe4 17. Rc1 Qd8 18. Ndxe4 Nxe4 19. Nxe4 Nd5 20. Qb3 Be6 21. Nc5 Nf4
22. Nxe6 Ne2+ 23. Kh1 Nxc1 24. Bxc1 Rxe6 25. Bxb7 Rb8 26. Bd5 Rf6 27. Rxf6 Qxf6
28. Kg2 Qf5 29. b5 axb5 30. axb5 h5 31. b6 h4 32. b7 h3+ 33. Kg1 Kh7 34. Bd2 Qg4
35. Kf2 Qf5+ 36. Ke2 Qg4+ 37. Bf3 Qd7 38. Qd5 Qe7 39. Qe4 Qd7 40. Qf4 Qb5+ 41.
Kf2 Rxb7 42. Bxb7 Qxb7 43. Qh4+ Kg8 44. Qxh3 Qb2 45. Qc8+ Kh7 46. Qc3 Qb7 47.
Qd3 Qh1 48. Qf1 Qxh2+ 49. Qg2 Qh5 50. Qf3 Qh2+ 51. Ke1 f5 52. Kd1 Qg1+ 53. Be1
Bf8 54. Ke2 Qh2+ 55. Bf2 Qh6 56. g4 Qg5 57. gxf5 gxf5 58. Qh3+ Kg6 59. Kf3 Kf7
60. Qh7+ Bg7 61. Qh3 Qg6 62. Ke2 Qa6+ 63. Kf3 Qc6+ 64. Kg3 Qg6+ 65. Kh2 Bf8 66.
Qf3 Bd6+ 67. Kh1 Ke6 68. Bg1 Qg5 69. Bf2 Qg6 70. Bg1 Qg5 71. Qh3 Kd5 72. Qf3+
Ke6 1/2-1/2

[Event "33rd Leon Blitz Open 2020"]
[Site "chess.com INT"]
[Date "2020.07.14"]
[Round "8"]
[White "Ismayilova, Khanim"]
[Black "Manninen, Marko"]
[Result "0-1"]
[WhiteTitle "WCM"]
[BlackTitle "IM"]
[WhiteElo "1332"]
[BlackElo "2377"]
[WhiteFideId "13429019"]
[BlackFideId "500690"]
[EventDate "2020.07.14"]
[EventType "blitz"]

1. d4 Nf6 2. Bf4 e6 3. Nf3 Bd6 4. Bxd6 cxd6 5. e3 d5 6. Bd3 b6 7. O-O Bb7 8. c4
dxc4 9. Bxc4 O-O 10. Nc3 Nc6 11. Bb5 a6 12. Ba4 b5 13. Bb3 Na5 14. Bc2 Rc8 15.
Ne2 Nc4 16. b3 Na3 17. Rc1 Qa5 18. Bd3 b4 19. Qd2 Nb5 20. Bxb5 Qxb5 21. Nf4 a5
22. Rxc8 Rxc8 23. Rc1 Rxc1+ 24. Qxc1 Qc6 25. Qxc6 Bxc6 26. Ne5 Bb5 27. Nfd3 d6
28. Nc4 Kf8 29. Ndb2 Bxc4 30. Nxc4 Nd5 31. Nxa5 Nc3 32. Nc4 Nxa2 33. Nxd6 Nc1
34. Nc4 Nxb3 35. Kf1 Nc1 36. Ke1 Na2 37. Kd2 Nc3 38. Kc2 f5 39. Kb3 Nd5 40. Na5
f4 41. exf4 Nxf4 42. g3 Nd3 43. Nc6 Nxf2 44. Kxb4 Ng4 45. h3 Ne3 46. Nd8 Ke7 47.
Nc6+ Kd6 48. Kb5 Nf5 49. Nb4 Nxd4+ 50. Kc4 Ne2 51. g4 Nf4 52. h4 Ng6 53. h5 Ne5+
54. Kd4 Nxg4 55. Nd3 Ke7 56. Nf4 Kf6 57. Nh3 Nh6 58. Ke4 Nf7 59. Nf4 e5 60. Nh3
Ng5+ 61. Nxg5 Kxg5 62. Kxe5 Kxh5 63. Kf5 g5 64. Kf6 g4 65. Kg7 h6 66. Kh7 g3 67.
Kh8 g2 68. Kh7 g1=Q 69. Kh8 Qg5 70. Kh7 Qe7+ 71. Kh8 Kg6 72. Kg8 Qe8# 0-1

[Event "33rd Leon Blitz Open 2020"]
[Site "chess.com INT"]
[Date "2020.07.14"]
[Round "8"]
[White "Munkhzul, Turmunkh"]
[Black "Leve, Nitai"]
[Result "1-0"]
[WhiteTitle "WIM"]
[WhiteElo "2278"]
[BlackElo "2128"]
[WhiteFideId "4901878"]
[BlackFideId "2006898"]
[EventDate "2020.07.14"]
[EventType "blitz"]

1. e4 d5 2. exd5 Nf6 3. d4 Bg4 4. f3 Bf5 5. g4 Bg6 6. c4 e6 7. Nc3 exd5 8. g5
Nh5 9. Nxd5 Nc6 10. Bd3 Be7 11. Be3 Bxg5 12. Qd2 Bh4+ 13. Kd1 O-O 14. Ne2 Nf6
15. Nec3 Ne7 16. Nf4 Bg5 17. Nce2 Bxf4 18. Nxf4 Bxd3 19. Qxd3 Ng6 20. Kc2 Re8
21. Rhe1 Qd6 22. Nxg6 hxg6 23. Re2 Nh5 24. Rae1 Rad8 25. d5 b6 26. Bd2 Rxe2 27.
Qxe2 c6 28. dxc6 Qxc6 29. Qe4 Qd6 30. Re2 Nf6 31. Qe3 Rc8 32. Qd3 Qc6 33. b3 b5
34. Bc3 bxc4 35. Qxc4 Qxc4 36. bxc4 Rxc4 37. Kb3 Rc6 38. Bd4 Nd5 39. Bxa7 Rc3+
40. Kb2 Rxf3 41. a4 Nc3 42. Re8+ Kh7 43. a5 Nd5 44. Bc5 Nc7 45. Rc8 Na6 46. Bb6
Rh3 47. Ra8 Nb4 48. Bc7 Nd5 49. Bd6 f5 50. a6 f4 51. a7 Rxh2+ 52. Kb3 Nb6 53.
Rb8 Rh3+ 54. Kb4 Nd5+ 55. Kc5 Nf6 56. a8=Q Nd7+ 57. Kd5 Nxb8 58. Qxb8 Rh5+ 59.
Ke4 f3 60. Kxf3 Rf5+ 61. Kg4 Rf7 62. Bf4 Rd7 63. Bg5 Rd4+ 64. Bf4 Rd5 65. Kf3
Rf5 66. Ke4 Rf7 67. Qb3 Re7+ 68. Kd5 Rd7+ 69. Ke6 Rd4 70. Qh3+ Kg8 71. Be5 Rd8
72. Ke7 Ra8 73. Bd4 Rb8 74. Qf3 Kh8 75. Qd5 Rc8 76. Qe5 1-0

[Event "33rd Leon Blitz Open 2020"]
[Site "chess.com INT"]
[Date "2020.07.14"]
[Round "8"]
[White "Vantika, Agrawal"]
[Black "Lauridsen, Jesper Morch"]
[Result "0-1"]
[WhiteTitle "WIM"]
[BlackTitle "FM"]
[WhiteElo "2286"]
[BlackElo "2225"]
[WhiteFideId "25050389"]
[BlackFideId "1401890"]
[EventDate "2020.07.14"]
[EventType "blitz"]

1. d4 Nf6 2. c4 c5 3. d5 e6 4. Nc3 exd5 5. cxd5 d6 6. Nf3 g6 7. g3 Bg7 8. Bg2
O-O 9. O-O Re8 10. Re1 Ne4 11. Nxe4 Rxe4 12. Qc2 Bf5 13. Bh3 Rb4 14. Bxf5 gxf5
15. Qxf5 Nd7 16. Ng5 Nf6 17. Bd2 Rd4 18. Qc2 Bh6 19. e4 Ng4 20. Nf3 Qf6 21. Bxh6
Qxf3 22. Bf4 Re8 23. h3 Rdxe4 24. Rxe4 Rxe4 25. hxg4 Re2 26. Qxe2 Qxe2 27. Bxd6
Qd3 28. Bxc5 Qxd5 29. Bxa7 Qe4 30. Rc1 Qxg4 31. Be3 h5 32. Rc5 f6 33. Kg2 Qe4+
34. Kh3 Qg4+ 35. Kg2 Qe6 36. Rc7 Qxa2 37. Rc8+ Kf7 38. Rc7+ Ke6 39. Bd4 Qd5+ 40.
Kg1 Qxd4 41. Rxb7 Qd1+ 42. Kh2 Qf3 43. Rb6+ Kf5 44. Rb5+ Kg6 45. Kg1 Qd1+ 46.
Kg2 Qd3 47. Rb4 Qd5+ 48. Kg1 Qc5 49. Rf4 Qc1+ 50. Kh2 Qxb2 51. Kg2 Qb7+ 52. Kg1
Qd5 53. Kh2 Qe5 54. Kg2 Kg5 55. Rh4 Qd5+ 56. Kh2 Qf3 57. Kg1 f5 58. Rd4 Qe2 59.
Kg2 Qb5 60. Rf4 Qe5 61. Rh4 Qd5+ 62. Kg1 Qf3 63. Rd4 Kf6 64. Rh4 Ke5 65. Rb4 Qd3
66. Rf4 Qe2 67. Kg2 Qd2 68. Rh4 Kd5 0-1

[Event "33rd Leon Blitz Open 2020"]
[Site "chess.com INT"]
[Date "2020.07.14"]
[Round "8"]
[White "Puranik, Abhimanyu"]
[Black "Lysyj, Igor"]
[Result "1-0"]
[WhiteTitle "GM"]
[BlackTitle "GM"]
[WhiteElo "2584"]
[BlackElo "2594"]
[WhiteFideId "5061245"]
[BlackFideId "4150120"]
[EventDate "2020.07.14"]
[EventType "blitz"]

1. e4 e5 2. Nf3 Nc6 3. Bb5 a6 4. Ba4 Nf6 5. O-O Bc5 6. c3 O-O 7. d4 Ba7 8. Bg5
h6 9. Bh4 exd4 10. Re1 d6 11. Bxc6 dxc3 12. Nxc3 bxc6 13. Qa4 g5 14. Bg3 Bd7 15.
e5 Nh5 16. exd6 Nxg3 17. dxc7 Qxc7 18. hxg3 Qxg3 19. Re2 Bh3 20. Ne1 Bg4 21. Ne4
Qf4 22. g3 Qe5 23. Nf6+ Qxf6 24. Qxg4 Rfe8 25. Rc2 Bd4 26. Nf3 Bxb2 27. Rb1 Rab8
28. Kg2 Ba3 29. Rxb8 Rxb8 30. Qa4 Bf8 31. Rxc6 Qf5 32. g4 Qd5 33. Qc4 Qxc4 34.
Rxc4 Rb2 35. a4 Bg7 36. Ne1 Ra2 37. Nd3 a5 38. Nc5 Bf8 39. Ne4 Bb4 40. Ng3 Rxa4
41. Nf5 Ra2 42. Nxh6+ Kg7 43. Nf5+ Kf6 44. Kf3 Ke5 45. Ne3 Ra3 46. Ke2 Ra2+ 47.
Kf3 Be1 48. Re4+ Kd6 49. Nf5+ Kd5 50. Rxe1 a4 51. Re8 a3 52. Ra8 Kc4 53. Nd6+
Kb4 54. Nxf7 Rc2 55. Nxg5 a2 56. Ne6 Rc3+ 57. Ke4 Ra3 58. Rb8+ Kc3 59. Rc8+ Kb2
60. Rb8+ Kc3 61. Rc8+ Kd2 62. Rd8+ Ke1 63. Nd4 Kxf2 64. Nc2 Ra4+ 65. Kf5 Ra5+
66. Kf6 Ra6+ 67. Kg5 Ra5+ 68. Kh6 Rc5 69. Na1 Kg3 70. g5 Rc1 71. Nb3 Rc3 72. Ra8
Rxb3 73. Rxa2 1-0

[Event "33rd Leon Blitz Open 2020"]
[Site "chess.com INT"]
[Date "2020.07.14"]
[Round "8"]
[White "Azarov, Sergei"]
[Black "Van Foreest, Jorden"]
[Result "1/2-1/2"]
[WhiteTitle "GM"]
[BlackTitle "GM"]
[WhiteElo "2604"]
[BlackElo "2682"]
[WhiteFideId "13501470"]
[BlackFideId "1039784"]
[EventDate "2020.07.14"]
[EventType "blitz"]

1. e4 c6 2. d4 d5 3. Nc3 dxe4 4. Nxe4 Nf6 5. Nxf6+ exf6 6. c3 Bd6 7. Bd3 O-O 8.
Qc2 Re8+ 9. Ne2 h5 10. Be3 Nd7 11. O-O-O b5 12. Kb1 Nb6 13. Bc1 Be6 14. Rhe1 Bc4
15. Ng3 Bxg3 16. Rxe8+ Qxe8 17. hxg3 Bxd3 18. Qxd3 Qe6 19. Qf3 g6 20. b3 a5 21.
Bd2 a4 22. Re1 Qd6 23. Bf4 Qd7 24. Bc1 axb3 25. axb3 Nd5 26. Bb2 f5 27. Kc2 f4
28. gxf4 Qf5+ 29. Qe4 Qxf4 30. Qxf4 Nxf4 31. g3 Ne6 32. c4 Rd8 33. Rd1 bxc4 34.
bxc4 Rc8 35. Bc3 g5 36. Re1 Kh7 37. Kd3 Kg6 38. Re5 h4 39. gxh4 gxh4 40. Ke2 h3
41. Kf3 Rh8 42. Re1 h2 43. Kg2 Nf4+ 44. Kh1 Nd3 45. Re2 Rh4 46. d5 Rxc4 47. d6
Rxc3 48. d7 Nxf2+ 49. Rxf2 Rd3 50. Rc2 Rxd7 51. Rxc6+ Kg5 52. Kxh2 f5 53. Kg2
Rd2+ 54. Kf3 Rd3+ 55. Kf2 Kg4 56. Rc4+ f4 57. Rc8 Rd2+ 58. Kg1 Kg3 59. Rg8+ Kf3
60. Rf8 Rd1+ 61. Kh2 Re1 62. Rf7 Re4 63. Ra7 Kf2 64. Ra1 f3 65. Kh3 Re2 66. Rb1
Rd2 67. Ra1 Re2 68. Kh2 Re8 69. Ra2+ Ke3 70. Ra3+ Kf4 71. Ra4+ Re4 72. Ra1 Re2+
73. Kh3 Rd2 74. Ra4+ Ke3 75. Ra1 Ke2 76. Kg3 Rd3 77. Ra2+ Ke3 78. Ra8 Rd4 79.
Re8+ Re4 80. Rxe4+ Kxe4 81. Kf2 Kf4 82. Kf1 Kg5 83. Kf2 Kg4 84. Kf1 Kg3 85. Kg1
Kf4 86. Kf2 Ke4 87. Kf1 Ke3 88. Ke1 f2+ 89. Kf1 Kf3 1/2-1/2